[Event "English Schools Championship Final 2024"]
[Site "Nottingham University Kings Meadow Campus, United Kingdom"]
[Date "2024.06.28"]
[Round "4.36"]
[White "Burns, Luke"]
[Black "Hwang, Josh"]
[Result "0-1"]
[TimeControl "G50' + 10\" per move."]
[WhiteElo "1358"]
[BlackElo "1533"]

1. d4 {[%clk 00:50:17]} Nf6 {[%clk 00:50:10]} {[%emt 00:00:11]} 2. Nf3 {[%clk
00:50:14]} {[%emt 00:00:13]} d6 {[%clk 00:50:11]} {[%emt 00:00:09]} 3. c4
{[%clk 00:50:11]} {[%emt 00:00:13]} g6 {[%clk 00:50:17]} {[%emt 00:00:04]} 4.
Nc3 {[%clk 00:50:13]} {[%emt 00:00:08]} Bg7 {[%clk 00:50:12]} {[%emt 00:00:15]}
5. Bf4 {[%clk 00:50:13]} {[%emt 00:00:10]} Nbd7 {[%clk 00:50:14]} {[%emt
00:00:07]} 6. e3 {[%clk 00:50:04]} {[%emt 00:00:20]} O-O {[%clk 00:50:19]}
{[%emt 00:00:05]} 7. Bd3 {[%clk 00:50:09]} {[%emt 00:00:05]} Re8 {[%clk
00:50:15]} {[%emt 00:00:14]} 8. O-O {[%clk 00:50:09]} {[%emt 00:00:10]} e5
{[%clk 00:50:04]} {[%emt 00:00:20]} 9. Bg5 {[%clk 00:48:32]} {[%emt 00:01:48]}
h6 {[%clk 00:49:31]} {[%emt 00:00:44]} 10. Bxf6 {[%clk 00:48:07]} {[%emt
00:00:34]} Nxf6 {[%clk 00:49:12]} {[%emt 00:00:28]} 11. e4 {[%clk 00:47:51]}
{[%emt 00:00:27]} Bg4 {[%clk 00:48:53]} {[%emt 00:00:29]} 12. d5 {[%clk
00:47:26]} {[%emt 00:00:35]} Nd7 {[%clk 00:47:52]} {[%emt 00:01:11]} 13. h3
{[%clk 00:47:10]} {[%emt 00:00:26]} Bxf3 {[%clk 00:47:37]} {[%emt 00:00:25]} 14.
Qxf3 {[%clk 00:47:08]} {[%emt 00:00:12]} Qf6 {[%clk 00:46:56]} {[%emt
00:00:51]} 15. Qe3 {[%clk 00:45:34]} {[%emt 00:01:45]} a6 {[%clk 00:45:57]}
{[%emt 00:01:08]} 16. f4 {[%clk 00:45:08]} {[%emt 00:00:36]} exf4 {[%clk
00:43:47]} {[%emt 00:02:20]} 17. Rxf4 {[%clk 00:45:09]} {[%emt 00:00:08]} Qd4
{[%clk 00:43:32]} {[%emt 00:00:25]} 18. Qxd4 {[%clk 00:44:49]} {[%emt
00:00:30]} Bxd4+ {[%clk 00:43:34]} {[%emt 00:00:08]} 19. Kh1 {[%clk 00:44:55]}
{[%emt 00:00:05]} g5 {[%clk 00:43:19]} {[%emt 00:00:20]} 20. Rf5 {[%clk
00:44:18]} {[%emt 00:00:52]} Ne5 {[%clk 00:43:10]} {[%emt 00:00:19]} 21. Be2
{[%clk 00:43:38]} {[%emt 00:00:50]} Re7 {[%clk 00:40:26]} {[%emt 00:02:53]} 22.
Raf1 {[%emt 00:02:08]} Rf8 {[%clk 00:39:30]} 23. Rf6 {[%clk 00:42:08]} {[%emt
00:00:48]} Ng6 {[%clk 00:38:57]} {[%emt 00:00:43]} 24. R6f3 {[%clk 00:40:13]}
{[%emt 00:02:00]} Bxc3 {[%clk 00:38:09]} {[%emt 00:01:03]} 25. Rxc3 {[%clk
00:39:50]} {[%emt 00:00:33]} Rxe4 {[%clk 00:37:44]} {[%emt 00:00:34]} 26. Bd3
{[%clk 00:39:27]} {[%emt 00:00:34]} Rf4 {[%clk 00:35:54]} {[%emt 00:02:00]} 27.
c5 {[%clk 00:37:55]} {[%emt 00:01:42]} Rxf1+ {[%clk 00:34:45]} {[%emt
00:01:19]} 28. Bxf1 {[%clk 00:38:00]} {[%emt 00:00:05]} Nf4 {[%clk 00:28:52]}
{[%emt 00:06:03]} 29. cxd6 {[%clk 00:33:18]} {[%emt 00:04:51]} Nxd5 {[%clk
00:26:56]} {[%emt 00:02:07]} 30. Rc5 {[%clk 00:32:27]} {[%emt 00:01:01]} c6
{[%clk 00:24:57]} {[%emt 00:02:08]} 31. Bc4 {[%clk 00:29:31]} {[%emt 00:03:07]}
Rd8 {[%clk 00:24:23]} {[%emt 00:00:44]} 32. Bxd5 {[%clk 00:29:16]} {[%emt
00:00:25]} cxd5 {[%clk 00:24:24]} {[%emt 00:00:08]} 33. Rxd5 {[%clk 00:29:16]}
{[%emt 00:00:10]} Kg7 {[%clk 00:24:16]} {[%emt 00:00:18]} 34. g4 {[%clk
00:28:58]} {[%emt 00:00:28]} Kf6 {[%clk 00:24:04]} {[%emt 00:00:23]} 35. Rd3
{[%clk 00:24:30]} {[%emt 00:04:38]} Rd7 {[%clk 00:23:19]} {[%emt 00:00:54]} 36.
Rb3 {[%clk 00:24:05]} {[%emt 00:00:35]} Ke6 {[%clk 00:23:04]} {[%emt 00:00:25]}
37. Kg2 {[%clk 00:23:51]} {[%emt 00:00:25]} Kxd6 {[%clk 00:22:57]} {[%emt
00:00:17]} 38. Rb6+ {[%clk 00:23:55]} {[%emt 00:00:05]} Ke5 {[%clk 00:22:12]}
{[%emt 00:00:54]} 39. Rxh6 {[%clk 00:23:59]} {[%emt 00:00:08]} Rd2+ {[%clk
00:22:12]} {[%emt 00:00:10]} 40. Kg3 {[%clk 00:23:38]} {[%emt 00:00:30]} Rxb2
{[%clk 00:21:59]} {[%emt 00:00:24]} 41. h4 {[%clk 00:23:30]} {[%emt 00:00:18]}
gxh4+ {[%clk 00:22:00]} {[%emt 00:00:08]} 42. Kxh4 {[%clk 00:23:38]} {[%emt
00:00:02]} Rh2+ {[%clk 00:21:09]} {[%emt 00:01:01]} 43. Kg5 {[%clk 00:23:44]}
{[%emt 00:00:05]} Rxh6 {[%clk 00:20:59]} {[%emt 00:00:19]} 44. Kxh6 {[%clk
00:23:52]} {[%emt 00:00:03]} Ke6 {[%clk 00:21:01]} {[%emt 00:00:08]} 45. Kg7
{[%clk 00:23:51]} {[%emt 00:00:12]} b5 {[%clk 00:21:00]} {[%emt 00:00:10]} 46.
a3 {[%clk 00:21:47]} {[%emt 00:02:14]} a5 {[%clk 00:20:59]} {[%emt 00:00:09]}
47. g5 {[%clk 00:21:55]} {[%emt 00:00:04]} b4 {[%clk 00:21:01]} {[%emt
00:00:07]} 48. a4 {[%clk 00:21:13]} {[%emt 00:00:53]} b3 {[%clk 00:21:05]}
{[%emt 00:00:06]} 49. g6 {[%clk 00:21:13]} {[%emt 00:00:09]} fxg6 {[%clk
00:21:08]} {[%emt 00:00:08]} 50. Kxg6 {[%clk 00:21:21]} {[%emt 00:00:02]} b2
{[%clk 00:21:10]} {[%emt 00:00:08]} 0-1

[Event "English Schools Championship Final 2024"]
[Site "Nottingham University Kings Meadow Campus, United Kingdom"]
[Date "2024.06.28"]
[Round "4.37"]
[White "Borissow, Magnus"]
[Black "Tombolis, Christopher"]
[Result "1/2-1/2"]
[TimeControl "G50' + 10\" per move."]
[WhiteFideId "498084"]
[BlackFideId "433691"]
[WhiteElo "2069"]
[BlackElo "2088"]

1. e4 {[%clk 00:50:15]} {[%emt 00:00:05]} c5 {[%clk 00:50:12]} {[%emt
00:00:09]} 2. c3 {[%clk 00:50:13]} {[%emt 00:00:11]} g6 {[%clk 00:50:17]}
{[%emt 00:00:05]} 3. d4 {[%clk 00:50:14]} {[%emt 00:00:09]} cxd4 {[%clk
00:50:24]} {[%emt 00:00:03]} 4. cxd4 {[%clk 00:50:15]} {[%emt 00:00:09]} d5
{[%clk 00:50:31]} {[%emt 00:00:03]} 5. e5 {[%clk 00:49:23]} {[%emt 00:01:01]}
Bg7 {[%clk 00:50:12]} {[%emt 00:00:30]} 6. Nc3 {[%clk 00:48:57]} {[%emt
00:00:37]} Nc6 {[%clk 00:50:10]} {[%emt 00:00:12]} 7. Bb5 {[%clk 00:48:31]}
{[%emt 00:00:35]} Nh6 {[%clk 00:44:36]} {[%emt 00:05:43]} 8. h3 {[%clk
00:47:58]} {[%emt 00:00:43]} O-O {[%clk 00:44:27]} {[%emt 00:00:20]} 9. Bxc6
{[%clk 00:47:46]} {[%emt 00:00:22]} bxc6 {[%clk 00:44:36]} {[%emt 00:00:01]} 10.
Nf3 {[%clk 00:47:16]} {[%emt 00:00:40]} Ba6 {[%clk 00:44:04]} {[%emt 00:00:43]}
11. Na4 {[%clk 00:46:17]} {[%emt 00:01:08]} f6 {[%clk 00:43:23]} {[%emt
00:00:50]} 12. Nc5 {[%clk 00:45:11]} {[%emt 00:01:16]} Qc8 {[%clk 00:42:47]}
{[%emt 00:00:47]} 13. Qa4 {[%clk 00:34:46]} {[%emt 00:10:34]} Bb5 {[%clk
00:42:07]} {[%emt 00:00:51]} 14. Qa5 {[%clk 00:34:49]} {[%emt 00:00:07]} fxe5
{[%clk 00:41:31]} {[%emt 00:00:46]} 15. a4 {[%clk 00:33:41]} {[%emt 00:01:17]}
e4 {[%clk 00:40:26]} {[%emt 00:01:16]} 16. Ne5 {[%clk 00:32:15]} {[%emt
00:01:35]} Bd3 {[%clk 00:38:33]} {[%emt 00:02:03]} 17. Bxh6 {[%clk 00:29:34]}
{[%emt 00:02:51]} Bxh6 {[%clk 00:38:18]} {[%emt 00:00:26]} 18. Nexd3 {[%clk
00:29:35]} {[%emt 00:00:10]} exd3 {[%clk 00:38:19]} {[%emt 00:00:08]} 19. O-O
{[%clk 00:29:37]} {[%emt 00:00:07]} d2 {[%clk 00:37:59]} {[%emt 00:00:30]} 20.
Nb3 {[%clk 00:25:18]} {[%emt 00:04:30]} Rb8 {[%clk 00:33:18]} {[%emt 00:04:51]}
21. Nxd2 {[%clk 00:20:34]} {[%emt 00:04:53]} Rxb2 {[%clk 00:32:26]} {[%emt
00:01:03]} 22. Nf3 {[%clk 00:20:08]} {[%emt 00:00:35]} Rxf3 {[%clk 00:31:47]}
{[%emt 00:00:50]} 23. gxf3 {[%clk 00:20:09]} {[%emt 00:00:09]} Qxh3 {[%clk
00:31:48]} {[%emt 00:00:09]} 24. Qd8+ {[%clk 00:18:06]} {[%emt 00:02:12]} Kf7
{[%clk 00:31:57]} {[%emt 00:00:02]} 25. Qc7 {[%clk 00:14:42]} {[%emt 00:03:33]}
Qxf3 {[%clk 00:30:35]} {[%emt 00:01:33]} 26. Rae1 {[%clk 00:12:54]} {[%emt
00:01:59]} Qg4+ {[%clk 00:28:35]} {[%emt 00:02:08]} 27. Kh1 {[%clk 00:11:57]}
{[%emt 00:01:07]} Qh4+ {[%clk 00:28:39]} {[%emt 00:00:07]} 28. Qh2 {[%clk
00:10:31]} {[%emt 00:01:35]} Qxh2+ {[%clk 00:27:48]} {[%emt 00:01:02]} 29. Kxh2
{[%clk 00:10:34]} {[%emt 00:00:06]} Rb4 {[%clk 00:27:52]} {[%emt 00:00:07]} 30.
Kg2 {[%clk 00:09:37]} {[%emt 00:01:07]} Bg7 {[%clk 00:27:36]} {[%emt 00:00:26]}
31. Rc1 {[%clk 00:09:28]} {[%emt 00:00:19]} Bxd4 {[%clk 00:25:48]} {[%emt
00:01:58]} 32. Rxc6 {[%clk 00:09:29]} {[%emt 00:00:09]} Rxa4 {[%clk 00:25:49]}
{[%emt 00:00:09]} 33. Rd1 {[%clk 00:07:29]} {[%emt 00:02:10]} h5 {[%clk
00:25:32]} {[%emt 00:00:28]} 34. Rd2 {[%clk 00:06:44]} {[%emt 00:00:55]} e6
{[%clk 00:25:24]} {[%emt 00:00:18]} 35. Re2 {[%clk 00:06:34]} {[%emt 00:00:19]}
e5 {[%clk 00:25:16]} {[%emt 00:00:18]} 36. Rd6 {[%clk 00:06:28]} {[%emt
00:00:16]} Ra5 {[%clk 00:25:16]} {[%emt 00:00:09]} 37. Rc2 {[%clk 00:06:32]}
{[%emt 00:00:07]} Bb6 {[%clk 00:25:05]} {[%emt 00:00:20]} 38. Rcc6 {[%clk
00:06:30]} {[%emt 00:00:12]} Ra2 {[%clk 00:21:26]} {[%emt 00:03:50]} 39. Rf6+
{[%clk 00:05:46]} {[%emt 00:00:54]} Ke7 {[%clk 00:21:07]} {[%emt 00:00:28]} 40.
Rfe6+ {[%clk 00:05:50]} {[%emt 00:00:06]} 1/2-1/2

[Event "English Schools Championship Final 2024"]
[Site "Nottingham University Kings Meadow Campus, United Kingdom"]
[Date "2024.06.28"]
[Round "4.38"]
[White "Zhao, Haolin"]
[Black "Sachdeva, Ronit"]
[Result "0-1"]
[TimeControl "G50' + 10\" per move."]
[WhiteFideId "428680"]
[WhiteElo "1968"]
[BlackElo "1997"]

1. e4 {[%clk 00:50:17]} {[%emt 00:00:02]} c5 {[%clk 00:50:17]} {[%emt
00:00:03]} 2. Nc3 {[%clk 00:50:23]} {[%emt 00:00:04]} Nc6 {[%clk 00:50:25]}
{[%emt 00:00:03]} 3. f4 {[%clk 00:50:29]} {[%emt 00:00:04]} g6 {[%clk
00:50:32]} {[%emt 00:00:03]} 4. Nf3 {[%clk 00:50:36]} {[%emt 00:00:03]} Bg7
{[%clk 00:50:39]} {[%emt 00:00:03]} 5. Bb5 {[%clk 00:50:41]} {[%emt 00:00:05]}
Nd4 {[%clk 00:50:46]} {[%emt 00:00:03]} 6. O-O {[%clk 00:50:40]} {[%emt
00:00:11]} Nxb5 {[%clk 00:50:52]} {[%emt 00:00:03]} 7. Nxb5 {[%clk 00:50:46]}
{[%emt 00:00:05]} d5 {[%clk 00:50:59]} {[%emt 00:00:03]} 8. exd5 {[%clk
00:49:45]} {[%emt 00:01:11]} a6 {[%clk 00:51:06]} {[%emt 00:00:03]} 9. Nc3
{[%clk 00:49:40]} {[%emt 00:00:15]} Nf6 {[%clk 00:51:12]} {[%emt 00:00:04]} 10.
d4 {[%clk 00:49:33]} {[%emt 00:00:17]} c4 {[%clk 00:51:15]} {[%emt 00:00:07]}
11. a4 {[%clk 00:41:47]} {[%emt 00:07:55]} Nxd5 {[%clk 00:49:50]} {[%emt
00:01:35]} 12. Nxd5 {[%clk 00:40:18]} {[%emt 00:01:39]} Qxd5 {[%clk 00:49:55]}
{[%emt 00:00:05]} 13. c3 {[%clk 00:40:23]} {[%emt 00:00:06]} O-O {[%clk
00:48:52]} {[%emt 00:01:13]} 14. Nh4 {[%clk 00:33:00]} {[%emt 00:07:33]} Bf6
{[%clk 00:47:16]} {[%emt 00:01:44]} 15. Qf3 {[%clk 00:29:23]} {[%emt 00:03:48]}
Be6 {[%clk 00:40:30]} {[%emt 00:06:56]} 16. Qxd5 {[%clk 00:25:05]} {[%emt
00:04:29]} Bxd5 {[%clk 00:40:38]} {[%emt 00:00:02]} 17. Nf3 {[%clk 00:25:06]}
{[%emt 00:00:09]} Bxf3 {[%clk 00:39:53]} {[%emt 00:00:55]} 18. Rxf3 {[%clk
00:25:08]} {[%emt 00:00:08]} b5 {[%clk 00:39:41]} {[%emt 00:00:22]} 19. f5
{[%clk 00:24:15]} {[%emt 00:01:03]} b4 {[%clk 00:37:28]} {[%emt 00:02:22]} 20.
fxg6 {[%clk 00:22:44]} {[%emt 00:01:42]} hxg6 {[%clk 00:37:31]} {[%emt
00:00:06]} 21. Bf4 {[%clk 00:19:58]} {[%emt 00:02:56]} Ra7 {[%clk 00:34:13]}
{[%emt 00:03:29]} 22. a5 {[%clk 00:17:47]} {[%emt 00:02:20]} bxc3 {[%clk
00:33:44]} {[%emt 00:00:39]} 23. bxc3 {[%clk 00:17:53]} {[%emt 00:00:05]} Rb7
{[%clk 00:33:42]} {[%emt 00:00:10]} 24. Ra4 {[%clk 00:17:37]} {[%emt 00:00:28]}
Rc8 {[%clk 00:33:20]} {[%emt 00:00:29]} 25. Be5 {[%clk 00:16:08]} {[%emt
00:01:42]} Bxe5 {[%clk 00:29:55]} {[%emt 00:03:34]} 26. dxe5 {[%clk 00:16:14]}
{[%emt 00:00:04]} e6 {[%clk 00:29:21]} {[%emt 00:00:45]} 27. Rf4 {[%clk
00:14:41]} {[%emt 00:01:43]} Rb5 {[%clk 00:29:02]} {[%emt 00:00:28]} 28. Rfxc4
{[%clk 00:14:41]} {[%emt 00:00:11]} Rxc4 {[%clk 00:29:10]} {[%emt 00:00:01]} 29.
Rxc4 {[%clk 00:14:46]} {[%emt 00:00:06]} Rxa5 {[%clk 00:29:15]} {[%emt
00:00:05]} 30. Rc8+ {[%clk 00:14:52]} {[%emt 00:00:03]} Kg7 {[%clk 00:29:21]}
{[%emt 00:00:05]} 31. Ra8 {[%clk 00:14:56]} {[%emt 00:00:05]} g5 {[%clk
00:27:44]} {[%emt 00:01:47]} 32. g4 {[%clk 00:13:09]} {[%emt 00:01:57]} Ra4
{[%clk 00:25:55]} {[%emt 00:02:00]} 33. h3 {[%clk 00:12:25]} {[%emt 00:00:54]}
Rc4 {[%clk 00:25:28]} {[%emt 00:00:37]} 34. Rxa6 {[%clk 00:11:19]} {[%emt
00:01:16]} Rxc3 {[%clk 00:25:35]} {[%emt 00:00:03]} 35. Ra4 {[%clk 00:10:37]}
{[%emt 00:00:51]} Rxh3 {[%clk 00:25:35]} {[%emt 00:00:11]} 36. Kf2 {[%clk
00:10:30]} {[%emt 00:00:17]} Rh4 {[%clk 00:24:02]} {[%emt 00:01:43]} 37. Kg3
{[%clk 00:10:09]} {[%emt 00:00:31]} Rh1 {[%clk 00:23:48]} {[%emt 00:00:23]} 38.
Kf3 {[%clk 00:09:32]} {[%emt 00:00:48]} Rd1 {[%clk 00:21:12]} {[%emt 00:02:44]}
39. Ra5 {[%clk 00:08:11]} {[%emt 00:01:33]} Kf8 {[%clk 00:19:09]} {[%emt
00:02:10]} 40. Ra8+ {[%clk 00:07:59]} {[%emt 00:00:25]} Kg7 {[%clk 00:18:56]}
{[%emt 00:00:23]} 41. Ra5 {[%clk 00:08:04]} {[%emt 00:00:04]} Rd8 {[%clk
00:18:45]} {[%emt 00:00:21]} 42. Ke4 {[%clk 00:07:56]} {[%emt 00:00:19]} Rb8
{[%clk 00:18:30]} {[%emt 00:00:24]} 43. Ke3 {[%clk 00:07:46]} {[%emt 00:00:20]}
Rb3+ {[%clk 00:18:06]} {[%emt 00:00:34]} 44. Kf2 {[%clk 00:07:48]} {[%emt
00:00:08]} Rd3 {[%clk 00:16:31]} {[%emt 00:01:45]} 45. Ke2 {[%clk 00:06:55]}
{[%emt 00:01:04]} Rg3 {[%clk 00:14:07]} {[%emt 00:02:33]} 46. Ra4 {[%clk
00:07:01]} {[%emt 00:00:05]} Kf8 {[%clk 00:13:05]} {[%emt 00:01:11]} 47. Kf2
{[%clk 00:07:01]} {[%emt 00:00:11]} Rh3 {[%clk 00:12:49]} {[%emt 00:00:27]} 48.
Ra8+ {[%clk 00:07:05]} {[%emt 00:00:05]} Kg7 {[%clk 00:12:29]} {[%emt
00:00:29]} 49. Ra5 {[%clk 00:06:44]} {[%emt 00:00:31]} Rh8 {[%clk 00:11:12]}
{[%emt 00:01:27]} 50. Kg2 {[%clk 00:06:44]} {[%emt 00:00:11]} Rd8 {[%clk
00:10:58]} {[%emt 00:00:24]} 51. Kf3 {[%clk 00:06:44]} {[%emt 00:00:10]} Kf8
{[%clk 00:09:15]} {[%emt 00:01:51]} 52. Ke4 {[%clk 00:06:42]} {[%emt 00:00:14]}
Rd1 {[%clk 00:08:52]} {[%emt 00:00:33]} 53. Ra8+ {[%clk 00:06:12]} {[%emt
00:00:39]} Kg7 {[%clk 00:09:01]} {[%emt 00:00:01]} 54. Kf3 {[%clk 00:06:13]}
{[%emt 00:00:10]} Rd3+ {[%clk 00:08:55]} {[%emt 00:00:16]} 55. Ke2 {[%clk
00:05:43]} {[%emt 00:00:40]} Rd5 {[%clk 00:08:56]} {[%emt 00:00:08]} 56. Kf3
{[%clk 00:05:51]} {[%emt 00:00:03]} Rxe5 {[%clk 00:09:00]} {[%emt 00:00:06]} 57.
Ra7 {[%clk 00:05:57]} {[%emt 00:00:04]} Rb5 {[%clk 00:09:02]} {[%emt 00:00:07]}
58. Kg3 {[%clk 00:06:00]} {[%emt 00:00:08]} Rb3+ {[%clk 00:08:47]} {[%emt
00:00:24]} 59. Kf2 {[%clk 00:06:04]} {[%emt 00:00:06]} Rb8 {[%clk 00:07:28]}
{[%emt 00:01:30]} 60. Kf3 {[%clk 00:06:08]} {[%emt 00:00:06]} Kg6 {[%clk
00:07:32]} {[%emt 00:00:05]} 61. Ra6 {[%clk 00:06:15]} {[%emt 00:00:04]} Re8
{[%clk 00:06:53]} {[%emt 00:00:49]} 62. Ke4 {[%clk 00:06:20]} {[%emt 00:00:05]}
Rh8 {[%clk 00:06:30]} {[%emt 00:00:33]} 63. Kf3 {[%clk 00:06:23]} {[%emt
00:00:07]} Rh3+ {[%clk 00:06:03]} {[%emt 00:00:37]} 64. Kg2 {[%clk 00:06:29]}
{[%emt 00:00:04]} Rd3 {[%clk 00:05:47]} {[%emt 00:00:26]} 65. Kf2 {[%clk
00:06:33]} {[%emt 00:00:07]} Kf6 {[%clk 00:05:03]} {[%emt 00:00:54]} 66. Ke2
{[%clk 00:06:24]} {[%emt 00:00:18]} Rg3 {[%clk 00:04:45]} {[%emt 00:00:28]} 67.
Ra4 {[%clk 00:06:29]} {[%emt 00:00:05]} Ke5 {[%clk 00:04:33]} {[%emt 00:00:19]}
68. Kf2 {[%clk 00:06:35]} {[%emt 00:00:06]} Rd3 {[%clk 00:04:35]} {[%emt
00:00:07]} 69. Ra7 {[%clk 00:06:34]} {[%emt 00:00:12]} f5 {[%clk 00:04:38]}
{[%emt 00:00:07]} 70. Rg7 {[%clk 00:06:29]} {[%emt 00:00:15]} Kf4 {[%clk
00:04:44]} {[%emt 00:00:03]} 71. Re7 {[%clk 00:06:26]} {[%emt 00:00:14]} Kxg4
{[%clk 00:04:07]} {[%emt 00:00:48]} 72. Rxe6 {[%emt 00:00:13]} Ra3 {[%clk
00:04:08]} 73. Rb6 {[%clk 00:06:36]} {[%emt 00:00:05]} Ra2+ {[%clk 00:04:11]}
{[%emt 00:00:07]} 74. Kf1 {[%clk 00:06:40]} {[%emt 00:00:07]} f4 {[%clk
00:04:09]} {[%emt 00:00:12]} 75. Rb3 {[%clk 00:06:47]} {[%emt 00:00:02]} f3
{[%clk 00:03:45]} {[%emt 00:00:34]} 76. Rb5 {[%clk 00:06:55]} {[%emt 00:00:02]}
Kf4 {[%clk 00:03:38]} {[%emt 00:00:17]} 77. Ke1 {[%clk 00:06:48]} {[%emt
00:00:18]} g4 {[%clk 00:03:36]} {[%emt 00:00:11]} 78. Kf1 {[%clk 00:06:50]}
{[%emt 00:00:08]} Ra1+ {[%clk 00:03:38]} {[%emt 00:00:08]} 79. Kf2 {[%clk
00:06:58]} {[%emt 00:00:03]} g3# {[%clk 00:03:46]} {[%emt 00:00:02]} 0-1

[Event "English Schools Championship Final 2024"]
[Site "Nottingham University Kings Meadow Campus, United Kingdom"]
[Date "2024.06.28"]
[Round "4.39"]
[White "Dicker, James"]
[Black "Huang, Henry"]
[Result "1/2-1/2"]
[TimeControl "G50' + 10\" per move."]
[BlackFideId "447129"]
[WhiteElo "1891"]
[BlackElo "1783"]

1. e4 {[%clk 00:50:19]} e6 {[%clk 00:50:11]} {[%emt 00:00:10]} 2. d4 {[%clk
00:50:26]} {[%emt 00:00:03]} d5 {[%clk 00:50:18]} {[%emt 00:00:03]} 3. exd5
{[%clk 00:50:33]} {[%emt 00:00:02]} exd5 {[%clk 00:50:22]} {[%emt 00:00:06]} 4.
Nf3 {[%clk 00:50:41]} {[%emt 00:00:02]} Bd6 {[%clk 00:50:01]} {[%emt 00:00:32]}
5. Bd3 {[%clk 00:50:41]} {[%emt 00:00:10]} Nc6 {[%clk 00:49:01]} {[%emt
00:01:10]} 6. c3 {[%clk 00:50:33]} {[%emt 00:00:19]} Nge7 {[%clk 00:48:33]}
{[%emt 00:00:37]} 7. O-O {[%clk 00:48:26]} {[%emt 00:02:16]} Bg4 {[%clk
00:48:28]} {[%emt 00:00:15]} 8. h3 {[%clk 00:47:56]} {[%emt 00:00:40]} Bh5
{[%clk 00:47:25]} {[%emt 00:01:14]} 9. Re1 {[%clk 00:45:57]} {[%emt 00:02:09]}
Qd7 {[%clk 00:45:58]} {[%emt 00:01:37]} 10. Nbd2 {[%clk 00:39:03]} {[%emt
00:07:04]} O-O-O {[%clk 00:43:35]} {[%emt 00:02:33]} 11. Qc2 {[%clk 00:29:34]}
{[%emt 00:09:38]} Bg6 {[%clk 00:41:56]} {[%emt 00:01:49]} 12. Nf1 {[%clk
00:24:05]} {[%emt 00:05:39]} Bxd3 {[%clk 00:39:19]} {[%emt 00:02:47]} 13. Qxd3
{[%clk 00:24:07]} {[%emt 00:00:08]} h6 {[%clk 00:31:24]} {[%emt 00:08:06]} 14.
b4 {[%clk 00:17:57]} {[%emt 00:06:20]} g5 {[%clk 00:27:52]} {[%emt 00:03:41]}
15. N1h2 {[%clk 00:07:45]} {[%emt 00:10:22]} f5 {[%clk 00:24:14]} {[%emt
00:03:49]} 16. Bd2 {[%clk 00:06:32]} {[%emt 00:01:23]} Rhg8 {[%clk 00:21:15]}
{[%emt 00:03:09]} 17. Ne5 {[%clk 00:05:43]} {[%emt 00:00:58]} Bxe5 {[%clk
00:20:20]} {[%emt 00:01:06]} 18. dxe5 {[%clk 00:05:44]} {[%emt 00:00:09]} Qe6
{[%clk 00:15:03]} {[%emt 00:05:26]} 19. Kh1 {[%clk 00:02:26]} {[%emt 00:03:28]}
Ng6 {[%clk 00:09:08]} {[%emt 00:06:06]} 20. a4 {[%clk 00:02:12]} {[%emt
00:00:24]} Ncxe5 {[%clk 00:08:08]} {[%emt 00:01:10]} 21. Qd4 {[%clk 00:02:13]}
{[%emt 00:00:09]} Qb6 {[%clk 00:07:08]} {[%emt 00:01:10]} 22. Rxe5 {[%clk
00:01:39]} {[%emt 00:00:43]} Nxe5 {[%clk 00:06:12]} {[%emt 00:01:06]} 23. Qxe5
{[%clk 00:01:48]} {[%emt 00:00:01]} Rgf8 {[%clk 00:04:05]} {[%emt 00:02:18]} 24.
Be3 {[%clk 00:01:40]} {[%emt 00:00:18]} Qc6 {[%clk 00:03:42]} {[%emt 00:00:33]}
25. Qd4 {[%clk 00:01:13]} {[%emt 00:00:36]} f4 {[%clk 00:03:18]} {[%emt
00:00:35]} 26. Bd2 {[%clk 00:01:18]} {[%emt 00:00:05]} Kb8 {[%clk 00:03:03]}
{[%emt 00:00:25]} 27. Nf3 {[%clk 00:01:17]} {[%emt 00:00:10]} Rfe8 {[%clk
00:02:37]} {[%emt 00:00:37]} 28. Qd3 {[%clk 00:01:01]} {[%emt 00:00:26]} Re7
{[%clk 00:02:08]} {[%emt 00:00:39]} 29. Nd4 {[%clk 00:01:08]} {[%emt 00:00:03]}
Qf6 {[%clk 00:01:50]} {[%emt 00:01:00]} 1/2-1/2

[Event "English Schools Championship Final 2024"]
[Site "Nottingham University Kings Meadow Campus, United Kingdom"]
[Date "2024.06.28"]
[Round "4.40"]
[White "Razumovsky-Hough, Louis"]
[Black "Brown, Stuart"]
[Result "1-0"]
[TimeControl "G50' + 10\" per move."]
[WhiteElo "1726"]
[BlackElo "1733"]

1. d4 {[%clk 00:50:18]} {[%emt 00:00:02]} d5 {[%clk 00:50:03]} {[%emt
00:00:17]} 2. Bf4 {[%clk 00:50:17]} {[%emt 00:00:11]} Bf5 {[%clk 00:49:59]}
{[%emt 00:00:13]} 3. Nf3 {[%clk 00:50:14]} {[%emt 00:00:14]} e6 {[%clk
00:49:57]} {[%emt 00:00:13]} 4. e3 {[%clk 00:50:19]} {[%emt 00:00:05]} Nf6
{[%clk 00:49:55]} {[%emt 00:00:11]} 5. Bd3 {[%clk 00:50:21]} {[%emt 00:00:08]}
Bg6 {[%clk 00:49:39]} {[%emt 00:00:26]} 6. c3 {[%clk 00:50:16]} {[%emt
00:00:15]} Bd6 {[%clk 00:49:38]} {[%emt 00:00:10]} 7. Bg3 {[%clk 00:49:34]}
{[%emt 00:00:53]} c6 {[%clk 00:49:18]} {[%emt 00:00:30]} 8. Ne5 {[%clk
00:47:38]} {[%emt 00:02:06]} Qc7 {[%clk 00:47:24]} {[%emt 00:02:04]} 9. f4
{[%clk 00:42:33]} {[%emt 00:05:15]} Bxd3 {[%clk 00:42:22]} {[%emt 00:05:11]} 10.
Qxd3 {[%clk 00:41:24]} {[%emt 00:01:19]} Ne4 {[%clk 00:41:03]} {[%emt
00:01:30]} 11. Nd2 {[%clk 00:38:46]} {[%emt 00:02:48]} Nxd2 {[%clk 00:40:00]}
{[%emt 00:01:12]} 12. Qxd2 {[%clk 00:37:20]} {[%emt 00:01:36]} Nd7 {[%clk
00:39:32]} {[%emt 00:00:38]} 13. Bh4 {[%clk 00:35:20]} {[%emt 00:02:11]} Nf6
{[%clk 00:35:33]} {[%emt 00:04:09]} 14. Bxf6 {[%clk 00:32:14]} {[%emt
00:03:15]} gxf6 {[%clk 00:34:48]} {[%emt 00:00:55]} 15. Nd3 {[%clk 00:32:04]}
{[%emt 00:00:21]} e5 {[%clk 00:32:53]} {[%emt 00:02:04]} 16. O-O-O {[%clk
00:31:37]} {[%emt 00:00:37]} O-O-O {[%clk 00:32:09]} {[%emt 00:00:54]} 17. Qf2
{[%clk 00:30:13]} {[%emt 00:01:34]} Rhg8 {[%clk 00:27:27]} {[%emt 00:04:53]} 18.
Rd2 {[%clk 00:24:48]} {[%emt 00:05:35]} Rg7 {[%clk 00:18:51]} {[%emt 00:08:46]}
19. Rf1 {[%clk 00:21:17]} {[%emt 00:03:41]} Rdg8 {[%clk 00:17:13]} {[%emt
00:01:48]} 20. Qh4 {[%clk 00:19:08]} {[%emt 00:02:19]} Rxg2 {[%clk 00:10:01]}
{[%emt 00:07:22]} 21. Rxg2 {[%clk 00:17:13]} {[%emt 00:02:05]} Rxg2 {[%clk
00:10:07]} {[%emt 00:00:03]} 22. Qh3+ {[%clk 00:17:14]} {[%emt 00:00:11]} 1-0